000 01140cam a2200325 i 4500
999 _c16093
_d16093
001 16093
003 Mx-PuUPA
005 20240410103505.0
008 140415s1981 mx r 000 0 spa d
020 _a9681605586 (obra completa)
020 _a9681605578 (t.2)
040 _aMx-PuUPA
_bspa
_cMx-PuUPA
_dMx-PuUPA
_erda
041 1 _aspa
_hfp
100 1 _aLange, Oskar,
_d1904-1965
_eautor
_98096
240 1 0 _aEkonomia polityczna.
_lEspañol
245 1 0 _aEconomía política II /
_cOskar Lange ; traducción, Elzbieta G. de Kerlow
250 _aPrimera edición
264 1 _aMéxico, D.F. :
_bFondo de Cultura Económica,
_c©1981
300 _a262 páginas ;
_c21 cm
336 _atexto
_2rdacontent
_btxt
337 _asin medio
_2rdamedia
_bn
338 _avolumen
_2rdacarrier
_bnc
490 0 _aSección de Obras de Economía
650 4 _aEconomía política
700 1 _aKerlow, Elzbieta G,
_etraductor
765 _aLange, Oskar,
_bPrimera edición
_dVarsovia : Panstwowe Wydawnictwo Naukowe, ©1968
_tEkonomia polityczna.
942 _2ddc
_cLI
_h330
_iL243